LEADER 01400nam a2200301 4500 001 000000350316 003 CaOOAMICUS 005 20220516151627.0 008 220516s2008 it a 000 u ita r 020 $a978-88-7018-709-0 040 $aSeMil$bita 100 1 $aJonas, Hans,$d<1903-1993>.$0(OLS)http://semarc/name/706 240 10$aErinnerungen.$0(OLS)http://semarc/title/178810 245 10$aMemorie /$cHans Jonas ; conversazioni con Rachel Salamander ; premessa di Lore Jonas ; prefazione di Rachel Salamander ; postfazione e cura di Christian Wiese. 264 1$aGenova :$bIl melangolo,$c2008. 300 $a411 p., [4] carte di tav. :$bill. ;$c21 cm 490 1 $aLecturae ;$v56 650 4$aJonas, Hans <1903-1993> - Autobiografia.$0(OLS)http://semarc/subject/52282 700 1 $aSalamander, Rachel,$d<1949- >.$0(OLS)http://semarc/name/115884 700 1 $aJonas, Lore.$0(OLS)http://semarc/name/115885 700 1 $aWiese, Christian,$d<1961- >.$0(OLS)http://semarc/name/115886 830 0$aLecturae ;$v56.$0(OLS)http://semarc/title/8136 850 $aSeMil 852 $aSeMil$W1$xVenegono$y1$m2P II 1013$j232708$B241365$CSeMilBibl$Z2$F241365 $81 996 $6020$a978-88-7018-709-0$9(OLS)http://semarc/number/295890 996 $6245$aMemorie$9(OLS)http://semarc/title/24579 996 $6264$aGenova :$bIl melangolo$9(OLS)http://semarc/publisher/30063 LEADER 01889nam a2200313 i 4500 001 000000247259 003 CaOOAMICUS 005 20260205144616.0 008 151228s1749 xx u000 u lat u 013 $a226164 026 $an-e- b.b. e-a. Almi (3) 1758 (R) 040 $aSeMil$bita 245 10$aMissale monasticum Pauli 5. pontificis max. auctoritate recognitum, pro omnibus sub Regula ss. patris Benedicti militantibus; in quo missae sanctorum ad normam novi kalendarii auctoritate Apostolica approbati ordinatè propriis locis disponuntur. 260 $aVenetiis :$bEx Typographia Balleoniana,$c1749. 300 $axxxix, [1], 492, xcvii, [1] p. :$bill. calcogr. ;$cfol. 500 $aVignetta calcogr. su front. in cornice a doppio filetto. - Front. e testo stampati in rosso e nero. - Testo su due colonne. - Iniz. xilogr. - Musica in notazione quadrata nera su tetragramma rosso. - Segn. : +-2+8 3+4 A-2G8 2H6 a-e8 f10(-f10). 650 4$aLibri liturgici - Messale romano.$0(OLS)http://semarc/subject/3820 700 0 $aPaulus V,$c.$0(OLS)http://semarc/name/3917 700 1 $aBaglioni,$c.$0(OLS)http://semarc/name/475 710 2 $aChiesa Cattolica.$0(OLS)http://semarc/name/987 850 $aSeMil 852 $aSeMil$W1$xVenegono$y1$m3K VI 107 FA$j197605$B197605$CSeMilBibl$Z2$F208704 $8I 900 0 $aPaolo V$c. 910 2 $aSanta Sede. 996 $6245$aMissale monasticum Pauli 5. pontificis max. auctoritate recognitum, pro omnibus sub Regula ss. patris Benedicti militantibus; in quo missae sanctorum ad normam novi kalendarii auctoritate Apostolica approbati ordinatè propriis locis disponuntur$9(OLS)http://semarc/title/349138 996 $6260$aVenetiis :$bEx Typographia Balleoniana$9(OLS)http://semarc/publisher/29933